000 00484nam a22001697a 4500
999 _c27008
_d27008
003 BDDh-ASL
005 20231015030719.0
008 211022n xx ||||| |||| 00| 0 u d
040 _aBDDh-ASL
_cBDDh-ASL
082 _a297.3
_bSAA
100 1 _95299
_aSamad, Chowdhury Abdus
245 1 0 _aArkan-e Awaleen : / ارکان اولين
300 _a155 p. :
_c25 cm.
505 _aPages are Missing from Both Sides . Partly Worm-eaten
650 0 _91652
_aIslam
942 _2ddc
_cBK